000 00800nam a2200241 i 4500
001 C2-0308524
003 PPAK
005 20180728095405.0
008 110504s my |||| ||||| | may d
040 _aPPAK
_beng
_cPPAK
_erda
082 0 4 _a959.5112
_223
090 0 0 _a959.5112
_bAUG
_dKK
100 1 _aAugustin, James F.,
_eauthor
245 1 0 _aKemusnahan angkatan laut negeri Kedah di Langkawi dalam tahun 1839 :
_bperistiwa yang sebenar berlaku
264 1 _aAlor Setar, Kedah :
_bBahagian Koleksi Kedah, Perbadanan Perpustakaan Awam Kedah ,
_c[date of publication not identified]
300 _a[3 pages] ;
_c30 cm
336 _2rdacontent
_atext
337 _2rdamedia
_aunmediated
338 _2rdacarrier
_avolume
500 _aArtikel
650 1 0 _aKedah - History.
942 _ddc
_cB
999 _c111132
_d111132